কঙ্কাবতী / (Record no. 2898)
[ view plain ]
| 000 -LEADER | |
|---|---|
| fixed length control field | 00834nam a2200217 4500 |
| 001 - CONTROL NUMBER | |
| JCCL Control Number | 2898 |
| 003 - CONTROL NUMBER IDENTIFIER | |
| JCCL marc code | BD-JhCC |
| 005 - DATE AND TIME OF LATEST TRANSACTION | |
| control field | 20220807134021.0 |
| 008 - FIXED-LENGTH DATA ELEMENTS--GENERAL INFORMATION | |
| fixed length control field | 171107b2009 bg ||||| |||| 00| 0 ben d |
| 035 ## - SYSTEM CONTROL NUMBER | |
| system control number | (BD-JhCC) |
| 040 ## - CATALOGING SOURCE | |
| Original cataloging agency | BD-JhCC |
| Modifying agency | BD-JhCC |
| 041 ## - LANGUAGE CODE | |
| Language code of Book | ben |
| 082 ## - DEWEY DECIMAL CLASSIFICATION NUMBER | |
| Classification number | 891.443 |
| Author mark and Year | MUK 2009 |
| 100 ## - MAIN ENTRY--PERSONAL NAME | |
| Personal name | মুখোপাধ্যায়, ত্রৈলোক্যনাথ |
| 245 ## - TITLE STATEMENT | |
| Title | কঙ্কাবতী / |
| Statement of responsibility, etc | ত্রৈলোক্যনাথ মুখোপাধ্যায় ; আনিসুজ্জামান (সম্পাদানা) |
| 260 ## - PUBLICATION, DISTRIBUTION, ETC. (IMPRINT) | |
| Place of publication, distribution, etc | ঢাকা : |
| Name of publisher, distributor, etc | অ্যাডর্ন পাবলিশার্স ; |
| Date of publication, distribution, etc | ২০০৯ |
| 300 ## - PHYSICAL DESCRIPTION | |
| Pagination | ১৬৭ পৃ.; |
| Dimensions | ২২ সেমি |
| 650 ## - SUBJECT ADDED ENTRY--TOPICAL TERM | |
| Topical term or geographic name as entry element | Bengali novel |
| 700 ## - ADDED ENTRY--PERSONAL NAME | |
| Personal name | আনিসুজ্জামান |
| 942 ## - ADDED ENTRY ELEMENTS (KOHA) | |
| Source of classification or shelving scheme | Dewey Decimal Classification |
| Koha item type | Books |
| Koha issues (borrowed), all copies | 4 |
| Source of classification or shelving scheme | Damaged status | Not for loan | Home library | Current library | Date of accession | Cost, normal purchase price | Total Checkouts | Full call number | Barcode | Date last seen | Date checked out | Copy number | Koha item type | Shelving location |
|---|---|---|---|---|---|---|---|---|---|---|---|---|---|---|
| Dewey Decimal Classification | JCC Rouf Library | JCC Rouf Library | 11/07/2017 | 220.00 | 2 | 891.443 MUK 2009 | 4788 | 11/09/2022 | 08/06/2022 | C-1 | Books | |||
| Dewey Decimal Classification | JCC Rouf Library | JCC Rouf Library | 03/01/2018 | 270.00 | 1 | 891.443 MUK 2009 | 11535 | 05/15/2024 | 05/14/2024 | C-2 | Books | General Stacks |